LEADER 00387nab a2200133 i 4500 001 000000270542 003 CaOOAMICUS 005 20180831164845.0 008 180831n xx uu u0 0und r 013 $a17180 040 $aSeMil$bita 245 10$a[vedi periodico]. 773 0 $t[2009 : 1].$dLeiden ; Boston : Brill, copyr. 2009.$w()177860 996 $6245$a[vedi periodico]$9(OLS)http://semarc/title/309439 LEADER 00733nam a2200193 i 4500 001 000000249872 003 CaOOAMICUS 005 20160629000000.0 008 160629s1953 fr u000 u fre u 013 $a228777 040 $aSeMil$bita 100 1 $aMaurois, André,$d<1885-1967>.$0(OLS)http://semarc/name/6962 245 10$aLelia, ou La vie de George Sand. 300 $a452 p. 773 0 $aMaurois, André <1885-1967>$tOeuvres complètes.$bN. 260 di ed. numerata.$dParis : Fayard, 1950-1955.$g14$w()33236 850 $aSeMil 852 $aSeMil$W1$xVenegono$y1$m1V VI 132$j200218$B200218$CSeMilBibl$Z2$F213503 $81 961 $aOmaggio: Sagramoso Guido 996 $6245$aLelia, ou La vie de George Sand$9(OLS)http://semarc/title/352045